000 00635nam a22001817a 4500
999 _c187026
_d187026
005 20220328115237.0
010 _aENG-132132
020 _a9789383253368
_c399.00
035 _aEN-115664
037 _bDBAD/PUB
082 _a882
100 _aPadmanabhan, Manjula
245 _aLaughter and Blood:
_bPerformance Pieces/
_cManjula Padmanabhan
260 _aGurugram
_bHachette book Publishing India Pvt. Ltd.
_c2020
270 _a4th & 5th Floors, Corporate Centre, Plot No. 94, Sector 44
_bGurugram
_e122003
300 _axi,204p.
_c21cm (pbk)
_bAcknowledgment and Publication History
942 _2ddc
_cEN
_mPAD
_h882